The Plaston Concept (Record no. 11962)

MARC details
000 -LEADER
fixed length control field 00561nam a2200121Ia 4500
008 - FIXED-LENGTH DATA ELEMENTS--GENERAL INFORMATION
fixed length control field 220615s9999||||xx |||||||||||||| ||und||
245 #4 - TITLE STATEMENT
Title The Plaston Concept
Remainder of title Plastic Deformation in Structural Materials
546 ## - LANGUAGE NOTE
Language note English[eng]
650 ## - SUBJECT ADDED ENTRY--TOPICAL TERM
Topical term or geographic name entry element Open Access||Bulk nanostructured metals||Hetero-nanostructured materials||New generation steel||Atomic resolution characterization||Atomic simulations
700 ## - ADDED ENTRY--PERSONAL NAME
Personal name Tanaka, Isao||Tsuji, Nobuhiro||Inui, Haruyuki
856 ## - ELECTRONIC LOCATION AND ACCESS
Uniform Resource Identifier <a href="https://library.oapen.org/bitstream/20.500.12657/52869/1/978-981-16-7715-1.pdf">https://library.oapen.org/bitstream/20.500.12657/52869/1/978-981-16-7715-1.pdf</a>
942 ## - ADDED ENTRY ELEMENTS (KOHA)
Koha item type E-Books
Holdings
Withdrawn status Lost status Damaged status Not for loan Home library Current library Date acquired Total Checkouts Date last seen Price effective from Koha item type
        Kerala University of Digital Sciences, Innovation and Technology Knowledge Centre Kerala University of Digital Sciences, Innovation and Technology Knowledge Centre 15/06/2022   15/06/2022 15/06/2022 E-Books